How Prime Ministers Decide/ (Record no. 199552)
[ view plain ]
| 000 -LEADER | |
|---|---|
| fixed length control field | 00820nam a22002297a 4500 |
| 003 - CONTROL NUMBER IDENTIFIER | |
| control field | dpl |
| 005 - DATE AND TIME OF LATEST TRANSACTION | |
| control field | 20231219161719.0 |
| 008 - FIXED-LENGTH DATA ELEMENTS--GENERAL INFORMATION | |
| fixed length control field | 231208b |||||||| |||| 00| 0 eng d |
| 010 ## - LIBRARY OF CONGRESS CONTROL NUMBER | |
| LC control number | B-756715-717 ENG 18.10.23 |
| 020 ## - INTERNATIONAL STANDARD BOOK NUMBER | |
| International Standard Book Number | 9789390652457 |
| Terms of availability | 999.00 |
| 035 ## - SYSTEM CONTROL NUMBER | |
| System control number | B-756715-717 |
| 037 ## - SOURCE OF ACQUISITION | |
| Source of stock number/acquisition | Pancy |
| 040 ## - CATALOGING SOURCE | |
| Transcribing agency | 0 |
| 082 ## - DEWEY DECIMAL CLASSIFICATION NUMBER | |
| Classification number | 323.3054 |
| 100 ## - MAIN ENTRY--PERSONAL NAME | |
| Relator code | Chowdhury, Neerja |
| 245 ## - TITLE STATEMENT | |
| Title | How Prime Ministers Decide/ |
| Statement of responsibility, etc | Neerja Chowdhury |
| 260 ## - PUBLICATION, DISTRIBUTION, ETC. (IMPRINT) | |
| Place of publication, distribution, etc | New Delhi |
| Name of publisher, distributor, etc | Aleph Book Company |
| Date of publication, distribution, etc | 2023 |
| 270 ## - ADDRESS | |
| Address | 7/16, Ansari Road, Daryaganj, |
| City | New Delhi |
| State or province | 110002 |
| 300 ## - PHYSICAL DESCRIPTION | |
| Extent | 578p. |
| Dimensions | 24cm(Hb) |
| 942 ## - ADDED ENTRY ELEMENTS (KOHA) | |
| Source of classification or shelving scheme | Dewey Decimal Classification |
| Koha item type | English Books |
| Call number suffix | CHO |
| Classification part | 323.3054 |
| Withdrawn status | Lost status | Source of classification or shelving scheme | Damaged status | Not for loan | Collection code | Home library | Current library | Date acquired | Source of acquisition | Cost, normal purchase price | Total Checkouts | Total Renewals | Full call number | Barcode | Checked out | Date last seen | Date checked out | Copy number | Cost, replacement price | Price effective from | Koha item type |
|---|---|---|---|---|---|---|---|---|---|---|---|---|---|---|---|---|---|---|---|---|---|
| Dewey Decimal Classification | Non-fiction | Central Library | Central Library | 19/12/2023 | Pansy Books/187/5.12.23/44/23.11.23/6.12.23 | 999.00 | 9 | 12 | CHO 323.3054 | B-756715 | 14/07/2026 | 02/06/2026 | 02/06/2026 | 1 | 999.00 | 19/12/2023 | English Books | ||||
| Dewey Decimal Classification | Non-fiction | Patel Nagar | Patel Nagar | 19/12/2023 | Pansy Books/187/5.12.23/44/23.11.23/6.12.23 | 999.00 | 3 | 4 | CHO 323.3054 | B-756716 | 24/05/2024 | 19/04/2024 | 1 | 999.00 | 19/12/2023 | English Books | |||||
| Dewey Decimal Classification | Non-fiction | Shahdara Branch | Shahdara Branch | 19/12/2023 | Pansy Books/187/5.12.23/44/23.11.23/6.12.23 | 999.00 | 2 | 3 | CHO 323.3054 | B-756717 | 23/07/2024 | 10/06/2024 | 1 | 999.00 | 19/12/2023 | English Books |
